Colours - Tile Select - Statistics

General Stats
  • This quiz has been taken 114 times
  • The average score is 39 of 45
Answer Stats
Question Tile Select % Correct
Red ████████████████████████████ Turquoise No
100%
Red ████████████████████████████ Teal No
99%
Red ████████████████████████████ Indigo No
98%
Blue ████████████████████████████ Pink No
96%
Blue ████████████████████████████ Tan No
96%
Green ████████████████████████████ Brown No
94%
Black ████████████████████████████ Cyan No
94%
Green ████████████████████████████ Gold No
94%
Green ████████████████████████████ Grey No
94%
Green ████████████████████████████ Lavender No
94%
Black ████████████████████████████ Magenta No
94%
White ████████████████████████████ Orange No
94%
Black ████████████████████████████ Salmon No
94%
Blue ████████████████████████████ Silver No
94%
White ████████████████████████████ Violet No
94%
White ████████████████████████████ Bronze No
93%
Black ████████████████████████████ Lilac No
93%
White ████████████████████████████ Maroon No
93%
Green ████████████████████████████ Lime Yes
92%
Red ████████████████████████████ Crimson Yes
91%
Green ████████████████████████████ Emerald Yes
89%
Green ████████████████████████████ Mint Yes
89%
Blue ████████████████████████████ Navy Yes
88%
Red ████████████████████████████ Scarlet Yes
88%
Black ████████████████████████████ Charcoal Yes
87%
Black ████████████████████████████ Licorice Yes
87%
Green ████████████████████████████ Olive Yes
87%
White ████████████████████████████ Ivory Yes
85%
Blue ████████████████████████████ Azure Yes
84%
Blue ████████████████████████████ Cobalt Yes
84%
White ████████████████████████████ Cream Yes
84%
White ████████████████████████████ Eggshell Yes
84%
Green ████████████████████████████ Jade Yes
84%
Black ████████████████████████████ Jet Yes
83%
Red ████████████████████████████ Burgundy Yes
82%
Blue ████████████████████████████ Sapphire Yes
82%
Black ████████████████████████████ Ebony Yes
80%
Black ████████████████████████████ Onyx Yes
79%
Red ████████████████████████████ Chartreuse No
78%
Blue ████████████████████████████ Ultramarine Yes
76%
Red ████████████████████████████ Poppy Yes
71%
White ████████████████████████████ Harlequin No
61%
Red ████████████████████████████ Vermilion Yes
58%
Blue ████████████████████████████ Cerulean Yes
56%
White ████████████████████████████ Beige Yes
46%
No matching quizzes found
Score Distribution
Percent of People with Each Score
Percentile by Number Answered
Your Score History
You have not taken this quiz